The Legend of Zelda: Breath of the Wild Materials - Statistics

General Stats
  • This quiz has been taken 87 times
  • The average score is 16 of 36
Answer Stats
Compendium # Material % Correct
170 Apple
95%
173 Hearty Durian
70%
179 Hylian Shroom
59%
178 Mighty Bananas
59%
192 Hearty Radish
57%
185 Sunshroom
57%
189 Ironshroom
52%
187 Rushroom
52%
204 Silent Princess
52%
172 Wildberry
52%
193 Big Hearty Radish
50%
182 Hearty Truffle
50%
184 Chillshroom
46%
198 Endura Carrot
46%
174 Hydromelon
46%
181 Stamella Shroom
46%
183 Big Hearty Truffle
45%
188 Razorshroom
45%
186 Zapshroom
45%
191 Hyrule Herb
43%
176 Voltfruit
43%
190 Silent Shroom
41%
197 Swift Carrot
39%
180 Endura Shroom
38%
171 Palm Fruit
36%
195 Warm Safflina
36%
196 Electric Safflina
34%
175 Spicy Pepper
34%
200 Swift Violet
34%
194 Cool Safflina
32%
203 Blue Nightshade
27%
202 Armoranth
23%
205 Courser Bee Honey
23%
201 Mighty Thistle
23%
199 Fortified Pumpkin
21%
177 Fleet-lotus Seeds
16%
No matching quizzes found
Score Distribution
Percent of People with Each Score
Percentile by Number Answered
Your Score History
You have not taken this quiz